000 00767nas a2200253 4500
001 16459
010 _a9789720718068
021 _b436921/18
090 _a16459
100 _a20220524d2018 c y0pory50030103ba
200 1 _aMissão depenada
_fAaron Blabey
_gadapt. Rita Amaral
205 _aReimp.
210 9 _aPorto
_cPorto Editora,
_d2025
215 _a138, [2] p.
_ctodo il.
_d19 cm
225 2 _aOs mauzões;
_v2)
606 _9148
_aBanda Desenhada
675 _a087.5
_vBN
_zpor
675 _a741(=1:94)"20"
_vBN
_zpor
675 _a821.111(94)-9"20"
_vBN
_zpor
700 1 _aBlabey,
_bAaron,
_f1974-
702 1 _aAmaral,
_bRita
801 0 _aPT
_bBN
_gRPC
856 4 1 _uhttp://rnod.bnportugal.gov.pt/ImagesBN/winlibimg.aspx?skey=&doc=2100707&img=164995&save=true
990 _cLIVROS